Einfluss der lieferoption auf duration und konvexität von fixed income futures

Guardado en:
Detalles Bibliográficos
Autor principal: Marček, Michal
Formato: Capítulo de libro
Lenguaje:alemán
Materias:
Etiquetas: Agregar Etiqueta
Sin Etiquetas, Sea el primero en etiquetar este registro!

MARC

LEADER 00000nla$a2200000$$$4500
001 0104151
005 20240626114649.0
041 0 |a ger 
044 |a SK 
245 1 0 |a Einfluss der lieferoption auf duration und konvexität von fixed income futures  |c Michal Marček 
610 2 0 |a futurity 
610 2 0 |a trh finančný 
610 2 0 |a deriváty 
610 2 0 |a papiere cenné 
100 1 |a Marček, Michal